000 00674nam a2200241Ia 4500
001 dia_1938
003 CHAP
005 20251027154247.0
008 220117s1984 xx 000 0 und d
010 _a172474
040 _cCHAP
082 _a633.61 B5
100 _aBlackburn, Frank
_912994
245 _aSugar-Cane /
_c by Frank Blackburn
260 _aLondon :
_b Longman,
_c1984
300 _a414 p.
400 _aTROPICAL AGRICULTURE SERIES
600 _a1.Caña de azúcar. i.t. ii.(tropical agriculture series)
_9151874
901 _a633.61 B5
902 _aM
905 _a0000001984 LONA 0000000000ING00
942 _cLIBRO
_2ddc
999 _c172474
_d172474